Tratado general de procedimiento administrativo (Registro nro. 3503)

Detalles MARC
000 -LEADER
fixed length control field 01208 a2200205 4500
001 - CONTROL NUMBER
control field 41407
005 - DATE AND TIME OF LATEST TRANSACTION
control field 20260407155708.0
008 - FIXED-LENGTH DATA ELEMENTS--GENERAL INFORMATION
fixed length control field 260407a1975 arg spa d
003 - CONTROL NUMBER IDENTIFIER
control field AR-UNSa-BCEJYS
040 ## - CATALOGING SOURCE
Original cataloging agency AR-UNSa-BCEJYS
Language of cataloging spa
Transcribing agency AR-UNSa-BCEJYS
080 ## - UNIVERSAL DECIMAL CLASSIFICATION NUMBER
Universal Decimal Classification number 35.077.3
Common auxiliary subdivision Procedimiento administrativo (licitación pública...)<br/>
041 ## - LANGUAGE CODE
Language code of text/sound track or separate title spa
100 1# - MAIN ENTRY--PERSONAL NAME
Personal name Escola, Héctor Jorge
245 10 - TITLE STATEMENT
Title Tratado general de procedimiento administrativo
Name of part/section of a work con la explicación completa de la Ley 19.549 y decretos reglamentarios 1759/72 y 1744/73
264 #1 - PRODUCTION, PUBLICATION, DISTRIBUTION, MANUFACTURE, AND COPYRIGHT NOTICE
Place of production, publication, distribution, manufacture Buenos Aires :
Name of producer, publisher, distributor, manufacturer Ediciones Depalma
Date of production, publication, distribution, manufacture, or copyright notice 1975
300 ## - PHYSICAL DESCRIPTION
Extent xvii, 500 p.
Dimensions 23 cm.
505 ## - FORMATTED CONTENTS NOTE
Formatted contents note 1. El procedimiento administrativo - 2. El acto administrativo - 3. Las irregularidades del acto administrativo y sus efectos - 4. Los principios generales del procedimiento administrativo - 5. Las partes en el procedimiento administrativo - 6. Los actos del procedimiento - 7. Los recursos administrativos - 8. Efectos de la interposición y resolución de los recursos administrativos - 9. El recurso de reposición - 10. El recurso jerárquico - 11. El recurso de alzada - 12. Otros medios recursivos
590 ## - LOCAL NOTE (RLIN)
Local note niveau_biblio:m niveau_hierar:0
942 ## - ADDED ENTRY ELEMENTS (KOHA)
Koha item type
Existencias
Withdrawn status Lost status Damaged status Not for loan Home library Current library Shelving location Date acquired Total checkouts Full call number Barcode Date last seen Price effective from Koha item type
        Biblioteca Prof. Eusebio Cleto del Rey Biblioteca Prof. Eusebio Cleto del Rey   07/04/2026   35.077.3 E74 L119071 07/04/2026 07/04/2026 Libro